La Paso Cabrón - Trap Capos, Noriel, Gigolo & La Exce, Mike Durán... - Estadísticas

Estadísticas generales
  • Esta prueba ha sido intentada 72 veces
  • La puntuación promedio es 371 de 679
Estadísticas de respuestas
Letra % Correcto
de
90%
90%
De
90%
la
90%
La
90%
a
80%
A
80%
con
80%
es
80%
Es
80%
mi
80%
80%
no
80%
No
80%
pa
80%
que
80%
Que
80%
qué
80%
Qué
80%
80%
Se
80%
se
80%
cabrón
70%
el
70%
él
70%
Él
70%
en
70%
En
70%
G
70%
70%
Ma
70%
Por
70%
puta
70%
te
70%
70%
tu
70%
70%
Tu
70%
y
70%
Y
70%
baby
60%
Baby
60%
cama
60%
chinga
60%
está
60%
esta
60%
Está
60%
le
60%
Le
60%
lo
60%
Lo
60%
na
60%
pasa
60%
Porque
60%
porque
60%
si
60%
Si
60%
solita
60%
Yo
60%
yo
60%
chingamo
50%
Chingamo
50%
chingue
50%
conmigo
50%
Conmigo
50%
contrato
50%
cría
50%
Cuando
50%
cuando
50%
culpa
50%
da
50%
dejó
50%
dejo
50%
dice
50%
fondo
50%
fuma
50%
gana
50%
hace
50%
las
50%
mala
50%
marido
50%
Me
50%
me
50%
mía
50%
música
50%
novio
50%
quiere
50%
sabe
50%
saque
50%
sola
50%
Su
50%
su
50%
tenemo
50%
to
50%
un
50%
verme
50%
actri
40%
aunque
40%
bellaquera
40%
buscarme
40%
camino
40%
Chingando
40%
clave
40%
como
40%
cómo
40%
deja
40%
dejarme
40%
diabla
40%
dime
40%
discuta
40%
ella
40%
Ella
40%
empato
40%
encanta
40%
ese
40%
Ese
40%
fumamo
40%
ganas
40%
gano
40%
gusta
40%
Hoy
40%
llamo
40%
Mami
40%
mantenga
40%
mucho
40%
nadie
40%
noche
40%
nunca
40%
Nunca
40%
pero
40%
Pero
40%
pichea
40%
porno
40%
prendo
40%
punto
40%
sabes
40%
secuestrarme
40%
semana
40%
senda
40%
ser
40%
Siempre
40%
siempre
40%
sigue
40%
Tiene
40%
tiene
40%
una
40%
va
40%
vacilamo
40%
ven
40%
viene
40%
vuelve
40%
adentro
30%
afuera
30%
arrodilla
30%
bochorno
30%
buscando
30%
cadena
30%
canta
30%
cobra
30%
cobro
30%
complace
30%
conoce
30%
cosas
30%
cualquiera
30%
culo
30%
culpable
30%
darte
30%
edad
30%
encima
30%
ere
30%
eso
30%
fin
30%
fina
30%
gente
30%
hago
30%
llama
30%
loco
30%
lugar
30%
lunare
30%
Malboro
30%
marihuana
30%
mío
30%
oro
30%
par
30%
pasto
30%
pichaera
30%
pierdo
30%
pone
30%
quiero
30%
soy
30%
tampoco
30%
Tengo
30%
toto
30%
trato
30%
trépate
30%
única
30%
venga
30%
Z
30%
acción
20%
Al
20%
apiade
20%
bellaco
20%
Bubu
20%
buena
20%
caliente
20%
Chíngame
20%
chingar
20%
datos
20%
desespera
20%
despué
20%
doy
20%
eche
20%
entera
20%
entiendo
20%
fuera
20%
gyal
20%
habitación
20%
hacemo
20%
hay
20%
hijeputa
20%
maltrato
20%
mañana
20%
mejor
20%
mes
20%
morir
20%
nuestra
20%
quería
20%
rato
20%
sistema
20%
ahora
10%
bellaquea
10%
blón
10%
BM
10%
Coco
10%
demostrarle
10%
desde
10%
famoso
10%
grito
10%
habla
10%
milla
10%
moto
10%
ninguna
10%
noventa
10%
Oh
10%
oh
10%
piensa
10%
Prendimos
10%
presente
10%
rico
10%
saco
10%
secreto
10%
siente
10%
teléfono
10%
umpertres
10%
escuchan
0%
pescozón
0%
No se encontraron pruebas coincidentes
Distribución de puntuación
Porcentaje de gente con cada puntuación
Porcentaje por número respondido
Historial de tus puntuaciones
No has intentado esta prueba.